Moonwalk / (Record no. 1324)

MARC details
000 -LEADER
fixed length control field 01757cam a2200373 a 4500
005 - DATE AND TIME OF LATEST TRANSACTION
control field 20260322212056.0
008 - FIXED-LENGTH DATA ELEMENTS--GENERAL INFORMATION
fixed length control field data
010 ## - LIBRARY OF CONGRESS CONTROL NUMBER
LC control number 2009543748
020 ## - INTERNATIONAL STANDARD BOOK NUMBER
International Standard Book Number 9780307716989
020 ## - INTERNATIONAL STANDARD BOOK NUMBER
International Standard Book Number 0307716988
040 ## - CATALOGING SOURCE
Original cataloging agency UPZ
Transcribing agency UPZ
Modifying agency DLC
-- GO3
-- DLC
042 ## - AUTHENTICATION CODE
Authentication code lccopycat
043 ## - GEOGRAPHIC AREA CODE
Geographic area code n-us---
050 00 - LIBRARY OF CONGRESS CALL NUMBER
Classification number ML420.J175
Item number A3 2009
082 00 - DEWEY DECIMAL CLASSIFICATION NUMBER
Classification number B
-- B
Edition information 22
099 ## - LOCAL FREE-TEXT CALL NUMBER (OCLC)
Classification number JACKSM
001 - CONTROL NUMBER
control field data
100 1# - MAIN ENTRY--PERSONAL NAME
Personal name Jackson, Michael,
Dates associated with a name 1958-2009.
245 10 - TITLE STATEMENT
Title Moonwalk /
Statement of responsibility, etc. Michael Jackson.
246 3# - VARYING FORM OF TITLE
Title proper/short title Moon walk
250 ## - EDITION STATEMENT
Edition statement Rev. ed.
260 ## - PUBLICATION, DISTRIBUTION, ETC.
Place of publication, distribution, etc. New York :
Name of publisher, distributor, etc. Harmony Books,
Date of publication, distribution, etc. c2009.
300 ## - PHYSICAL DESCRIPTION
Extent 300 p., [16] p. of plates, [2] p. of folded plates :
Other physical details ill. (some col.) ;
Dimensions 24 cm.
500 ## - GENERAL NOTE
General note Originally published, in slightly different form: New York : Doubleday, 1988.
520 ## - SUMMARY, ETC.
Summary, etc. Michael Jackson's only autobiography, illustrated with rare photographs from Jackson family albums and Michael's personal photographic archives, as well as a drawing done by Michael exclusively for this book.
600 10 - SUBJECT ADDED ENTRY--PERSONAL NAME
Personal name Jackson, Michael,
Dates associated with a name 1958-2009.
650 #0 - SUBJECT ADDED ENTRY--TOPICAL TERM
Topical term or geographic name entry element Rock musicians
Geographic subdivision United States
Form subdivision Biography.
856 42 - ELECTRONIC LOCATION AND ACCESS
Materials specified Contributor biographical information
Uniform Resource Identifier <a href="http://www.loc.gov/catdir/enhancements/fy1004/2009543748-b.html">http://www.loc.gov/catdir/enhancements/fy1004/2009543748-b.html</a>
856 42 - ELECTRONIC LOCATION AND ACCESS
Materials specified Publisher description
Uniform Resource Identifier <a href="http://www.loc.gov/catdir/enhancements/fy1004/2009543748-d.html">http://www.loc.gov/catdir/enhancements/fy1004/2009543748-d.html</a>
856 41 - ELECTRONIC LOCATION AND ACCESS
Materials specified Sample text
Uniform Resource Identifier <a href="http://www.loc.gov/catdir/enhancements/fy1004/2009543748-s.html">http://www.loc.gov/catdir/enhancements/fy1004/2009543748-s.html</a>
906 ## - LOCAL DATA ELEMENT F, LDF (RLIN)
a 7
b cbc
c copycat
d 2
e ncip
f 20
g y-gencatlg
925 0# -
-- acquire
-- 2 shelf copies
-- policy default
955 ## - COPY-LEVEL INFORMATION (RLIN)
-- vk05 2010-04-01 to CALM
-- rd11 2009-12-01
-- vk05 2010-04-01 to CALM
Holdings
Withdrawn status Lost status Damaged status Not for loan Home library Current library Shelving location Date acquired Total checkouts Full call number Barcode Date last seen Price effective from Koha item type
        Franklin Franklin General stacks 22/03/2026   782.42166092 B 22 BC0011367 22/03/2026 22/03/2026 Books